01173 2200349 4500001002100000005001500021035002000036007000300056008004100059020002200100082001400122084001600136100002900152245016700181250002600348300004000374650003700414700002400451700004800475700003300523700002900556504003400585264003000619336002100649337003000670338002300700040002200723090002200745850001200767999002200779990002200801INLIS00000000087808620230418104453 a0010-0423000386ta230418s2023 yoia g ind d a978-623-01-3250-604223a910.2 a910.2 HEN m0 aHenky LesmanaePengarang10aModel keunggulan bersaing destinasi pariwisata Indonesia /cHenky Lesmana, Sugiarto, Christiana Yosevina Ratna Tercia, Handyanto Widjojo; penyunting, Robertus Ari aCetakan pertama, 2023 axvi, 144 halaman :bgambar ;c23 cm 4aIndustri pariwisata--zIndonesia0 aSugiartoePengarang0 aChristiana Yosevina Ratna TerciaePengarang0 aHandyanto WidjojoePengarang0 aRobertus AriePenyunting aBibliografi : halaman 111-12531aYogyakarta :bAndi,c2023 2rdacontentateks 2rdamediaatanpa perantara 2rdacarrieravolume aYOPDYOGbinderda aCB-D.11 2023-0292 aYOPDYOG aCB-D.11/2023-0292 aCB-D.11/2023-0292